000
00318nam a22001337a 4500
008
170627b xxu||||| |||| 00| 0 eng d
020
_a
9780393927412
041
_a
eng
080
_2
7TH
_a
82
100
_a
21
101
_a
GJL
245
_a
THE NORTON ANTHOLOGY OF AMERICAN LITERATURE
_c
REESMAN,J.C
942
_2
udc
_c
BK
999
_c
19213
_d
19213